000 00457nam a2200157 i 4500
001 150168
003 ES-MaACL
005 20230906203413.0
007 t|
008 071026s1962 sp ||||1| spa d
100 1 _aVallejo y Guijarro, María Luisa.
_9112863
245 1 0 _aFulgores de aurora /
_cMaría Luisa Guijarro.
260 _aMadrid :
_b[s.n.],
_c1962 (
_fImp. Sèz)
300 _a157 p., 3 lám. ;
_c21 cm.
852 _aES-MaACL
_jC-21611
_bR.50095
999 _c150168
_d150168